000 00299nam a2200121Ia 4500
005 20260328101516.0
008 260328s9999||||xx |||||||||||||| ||und||
245 0 _aLa Catedrale D'Evreux /
260 _bLa Vie & L' art en Normandie
300 _a72 p.
650 _aARQUITECTURA GÓTICA
942 _cBK
999 _c9384
_d9384